io Management

Salvato in:
Dettagli Bibliografici
Natura: Periodico
Lingua:tedesco
Pubblicazione: Zürich Betriebswissenschaftliches Institut der ETH
Soggetti:
Tags: Aggiungi Tag
Nessun Tag, puoi essere il primo ad aggiungerne!!

MARC

LEADER 00000nas1a22000001 4500
001 s120098
005 20230404100203.3
022 |a 0019-9281 
041 0 |a ger 
044 |a CH 
245 1 0 |a io Management 
264 1 |a Zürich  |b Betriebswissenschaftliches Institut der ETH 
610 2 0 |a manažment 
610 2 0 |a riadenie podnikové